书目信息 |
| 题名: |
王韬评传
|
|
| 作者: | 张海林 著 | |
| 分册: | 上 | |
| 出版信息: | 南京 南京大学出版社 2011.04 |
|
| 页数: | 258页 | |
| 开本: | 23cm | |
| 丛书名: | 中国思想家评传丛书 | |
| 单 册: | ||
| 中图分类: | K827=52 | |
| 科图分类: | ||
| 主题词: | ||
| 电子资源: | ||
| ISBN: | 978-7-305-06033-5 | |
| 000 | 01126nam 2200253 450 | |
| 001 | 012011378015 | |
| 005 | 20111205134309.34 | |
| 010 | @a978-7-305-06033-5@dCNY34.50 | |
| 100 | @a20111205d2011 em y0chiy0120 ea | |
| 101 | 0 | @achi |
| 102 | @aCN@b320000 | |
| 105 | @ac z 000yb | |
| 106 | @ar | |
| 200 | 1 | @a王韬评传@Awang tao ping chuan@h上@f张海林著@Fzhang hai lin zhu |
| 210 | @a南京@c南京大学出版社@d2011.04 | |
| 215 | @a258页@c肖像@d23cm | |
| 225 | 2 | @a中国思想家评传丛书@Azhong guo si xiang jia ping chuan cong shu |
| 330 | @a本书为清末政论家王韬的评传。二次世界大战以后,美国艺术进入了它引以自豪的辉煌的历史时期。大批富有创造性的艺术家的涌现,使美国成为现代艺术的中心。然而,作为现代民主化、工业化、技术化社会产物的现代艺术,有它自己全新的语言和与往昔艺术迥然不同的美学追求。这就使观众和艺术研究者在理解它们时产生了困难。而埃伦?H?约翰逊教授编辑的这部选集为我们理解现代艺术提供了方便。 | |
| 410 | 0 | @12001 @a中国思想家评传丛书 |
| 600 | 0 | @a王韬,@Awang tao,@f1828-1897@x评传 |
| 690 | @aK827=52@v4 | |
| 701 | 0 | @a张海林@Azhang hai lin@4著 |
| 801 | 0 | @aCN@bQSSK@c20111205 |
| 905 | @b795762@dK827=52@eW366:1@f1 | |
| 王韬评传.上/张海林著.-南京:南京大学出版社,2011.04 |
| 258页:肖像;23cm.-(中国思想家评传丛书) |
| ISBN 978-7-305-06033-5:CNY34.50 |
| 本书为清末政论家王韬的评传。二次世界大战以后,美国艺术进入了它引以自豪的辉煌的历史时期。大批富有创造性的艺术家的涌现,使美国成为现代艺术的中心。然而,作为现代民主化、工业化、技术化社会产物的现代艺术,有它自己全新的语言和与往昔艺术迥然不同的美学追求。这就使观众和艺术研究者在理解它们时产生了困难。而埃伦?H?约翰逊教授编辑的这部选集为我们理解现代艺术提供了方便。 |
| ● |
| 相关链接 |
|
|
|
正题名:王韬评传
索取号:K827=52/W366:1
 
预约/预借
| 序号 | 登录号 | 条形码 | 馆藏地/架位号 | 状态 | 备注 |
| 1 | 795762 | 207957629 | 社科库309/309社科库 58排4列5层/ [索取号:K827=52/W366:1] | 在馆 |